Szczegóły MARC21

Profilaktyka i korygowanie płaskostopia : zabawy i gry ruchowe aktywizujące mięśnie stóp /

003 -Nazwa inst., której nr kontr. jest w polu 001 [,]
    • @
    • Nazwa instytucji, której n kontrolny jest w polu 001
    • NUKAT
005 -DATA I CZAS OSTATNIEJ MODYFIKACJI [,]
    • @
    • pole kontrolne
    • 20241231100007.0
020 -Międzynarod. znormalizowany nr książki - ISBN [ , ]
    • a
    • Numer ISBN
    • 9788380800366 Find
040 -Instytucja sporządzająca opis [ , ]
    • a
    • Instytucja, która sporządziła opis (NP)
    • SZCZ M/RK
    • b
    • Język katalogowania
    • pol
    • e
    • Zasady katalogowania
    • rda
    • c
    • Instytucja, która sporządziła rekord (NP)
    • SZCZ M/RK
    • d
    • Instytucja, która zmodyfikowała rekord (P)
    • BYDG 020/AMs
    • d
    • Instytucja, która zmodyfikowała rekord (P)
    • OLSZT 003/ISOs
942 -Rodzaj dokumentu [ , ]
    • c
    • Rodzaj dokumentu
    • Książka
100 -Hasło główne - nazwa osobowa [1, ]
    • a
    • Nazwa osobowa (NP)
    • Winczewski, Piotr.
    • e
    • Rodzaj współpracy
    • Autor
    • 9
    • KHW
    • 63003
245 -Strefa tytułu i oznaczenia odpowiedzialności [1,0]
    • a
    • Tytuł
    • Profilaktyka i korygowanie płaskostopia : Find
    • b
    • Ciąg dalszy tytułu (NP)
    • zabawy i gry ruchowe aktywizujące mięśnie stóp / Find
    • c
    • Pozostałe elementy strefy tytułu i oznaczenia odpowiedzialności (NP)
    • Piotr Winczewski.
260 -Strefa adresu wydawniczego [ , ]
    • a
    • Miejsce wydania (P)
    • Gdańsk :
    • b
    • Nazwa wydawcy (P)
    • Wydawnictwo Harmonia,
    • c
    • Data wydania (P)
    • 2018.
300 -Strefa opisu fizycznego [ , ]
    • a
    • Określenie formy książki i/lub objętość (NP)
    • 266, [1] strona ;
    • c
    • Format (NP)
    • 24 cm.
336 -Typ zawartości [ , ]
    • a
    • Termin opisujący typ zawartości
    • Tekst
    • b
    • Kod określający zawartość
    • txt
    • 2
    • Źródło (terminu i kodu)
    • rdacontent
337 -Typ mediów [ , ]
    • a
    • Tryb odtwarzania
    • Bez urządzenia pośredniczącego
    • b
    • Kod typu mediów
    • n
    • 2
    • Źródło (terminu i kodu)
    • rdamedia
338 -Typ/rodzaj nośnika [ , ]
    • a
    • Hasło opisujące typ nośnika
    • Wolumin
    • b
    • Kod typu nośnika
    • nc
    • 2
    • Źródło (terminu i kodu)
    • rdacarrier
504 -Uwaga dot. bibliogr. załącznikowej [ , ]
    • a
    • Uwaga dot. bibliografii załącznikowej
    • Bibliografia na stronach 253-[267].
650 -Hasło przedmiotowe [ ,7]
    • a
    • Hasło przedmiotowe
    • Stopa
    • x
    • Określnik rzeczowy
    • wady rozwojowe
    • x
    • Określnik rzeczowy
    • fizjoterapia.
    • 2
    • Źródło terminu
    • kaba
    • 9
    • KHW
    • 469448
650 -Hasło przedmiotowe [ ,7]
    • a
    • Hasło przedmiotowe
    • Płaskostopie.
    • 2
    • Źródło terminu
    • kaba
    • 9
    • KHW
    • 170789
650 -Hasło przedmiotowe [ ,7]
    • a
    • Hasło przedmiotowe
    • Kinezyterapia dla dzieci.
    • 2
    • Źródło terminu
    • kaba
    • 9
    • KHW
    • 143859
710 -Hasło dodatkowe - nazwa ciała zbiorowego [2, ]
    • a
    • Nazwa ciała zbiorowego lub nazwa geograficzna jako pierwszy element (NP)
    • Wydawnictwo Harmonia.
    • e
    • Rodzaj współpracy
    • Wydawca
    • 4
    • Kod relacji
    • pbl
    • 9
    • KHW
    • 54618
920 -ISBN [ , ]
    • a
    • ISBN
    • 978-83-8080-036-6 Find
Numer inwentarzowy Sygnatura Status udost. Lokalizacja Data inwentaryzacji
WF.10277Korekcja wad postawy 431BM2018-10-30